<?xml version="1.0" encoding="UTF-8"?>
<record
    xmlns:xsi="http://www.w3.org/2001/XMLSchema-instance"
    xsi:schemaLocation="http://www.loc.gov/MARC21/slim http://www.loc.gov/standards/marcxml/schema/MARC21slim.xsd"
    xmlns="http://www.loc.gov/MARC21/slim">

  <leader>03926nam a2200577Ia 4500</leader>
  <controlfield tag="001">726</controlfield>
  <controlfield tag="008">241029s9999    xx            000 0 und d</controlfield>
  <datafield tag="010" ind1=" " ind2=" ">
    <subfield code="a">654</subfield>
  </datafield>
  <datafield tag="041" ind1=" " ind2=" ">
    <subfield code="a">Espa&#xF1;ol</subfield>
  </datafield>
  <datafield tag="082" ind1=" " ind2=" ">
    <subfield code="a">NO APLICA</subfield>
  </datafield>
  <datafield tag="245" ind1=" " ind2="0">
    <subfield code="a">Evaluaci&#xF3;n del programa de atenci&#xF3;n a estudiantes en sobreedad en el Segundo Ciclo del Nivel B&#xE1;sico del Distrito Educativo 15-04 en el Per&#xED;odo Escolar 2008-2010 </subfield>
  </datafield>
  <datafield tag="260" ind1=" " ind2=" ">
    <subfield code="a">Santo Domingo</subfield>
  </datafield>
  <datafield tag="300" ind1=" " ind2=" ">
    <subfield code="a">64</subfield>
  </datafield>
  <datafield tag="520" ind1=" " ind2=" ">
    <subfield code="a">30</subfield>
  </datafield>
  <datafield tag="630" ind1=" " ind2=" ">
    <subfield code="a">Actitud de los Estudiantes</subfield>
  </datafield>
  <datafield tag="630" ind1=" " ind2=" ">
    <subfield code="a">Actores Educativos</subfield>
  </datafield>
  <datafield tag="630" ind1=" " ind2=" ">
    <subfield code="a">Aprendizaje</subfield>
  </datafield>
  <datafield tag="630" ind1=" " ind2=" ">
    <subfield code="a">Elaboraci&#xF3;n de Proyectos</subfield>
  </datafield>
  <datafield tag="630" ind1=" " ind2=" ">
    <subfield code="a">Trabajo en Equipo</subfield>
  </datafield>
  <datafield tag="650" ind1=" " ind2=" ">
    <subfield code="a">Innovaci&#xF3;n Educativa</subfield>
  </datafield>
  <datafield tag="690" ind1=" " ind2=" ">
    <subfield code="a">Elaborado</subfield>
  </datafield>
  <datafield tag="700" ind1=" " ind2=" ">
    <subfield code="e">asesor</subfield>
    <subfield code="a">Avila, Casilda </subfield>
  </datafield>
  <datafield tag="700" ind1=" " ind2=" ">
    <subfield code="e">autor</subfield>
    <subfield code="a">Castro Araujo, Eugenia Altagracia </subfield>
  </datafield>
  <datafield tag="700" ind1=" " ind2=" ">
    <subfield code="e">autor</subfield>
    <subfield code="a">Medina Figuereo, Ana Lucia</subfield>
  </datafield>
  <datafield tag="901" ind1=" " ind2=" ">
    <subfield code="a">{"1":"Castro Araujo","2":"Medina Figuereo"}</subfield>
    <subfield code="b">{"1":"Eugenia Altagracia ","2":"Ana Lucia"}</subfield>
  </datafield>
  <datafield tag="902" ind1=" " ind2=" ">
    <subfield code="a">1</subfield>
  </datafield>
  <datafield tag="903" ind1=" " ind2=" ">
    <subfield code="a">{"1":"Avila"}</subfield>
    <subfield code="b">{"1":"Casilda "}</subfield>
  </datafield>
  <datafield tag="904" ind1=" " ind2=" ">
    <subfield code="a">Maestr&#xED;a en</subfield>
  </datafield>
  <datafield tag="905" ind1=" " ind2=" ">
    <subfield code="a">Formaci&#xF3;n de Formadores</subfield>
  </datafield>
  <datafield tag="906" ind1=" " ind2=" ">
    <subfield code="a">2</subfield>
  </datafield>
  <datafield tag="907" ind1=" " ind2=" ">
    <subfield code="a">NO APLICA</subfield>
  </datafield>
  <datafield tag="908" ind1=" " ind2=" ">
    <subfield code="a">NO APLICA</subfield>
  </datafield>
  <datafield tag="909" ind1=" " ind2=" ">
    <subfield code="a">Universidad Aut&#xF3;noma de Santo Domingo (UASD)</subfield>
  </datafield>
  <datafield tag="910" ind1=" " ind2=" ">
    <subfield code="a">NULL</subfield>
    <subfield code="b">NULL</subfield>
  </datafield>
  <datafield tag="911" ind1=" " ind2=" ">
    <subfield code="a">["1"]</subfield>
  </datafield>
  <datafield tag="912" ind1=" " ind2=" ">
    <subfield code="a">NO APLICA</subfield>
  </datafield>
  <datafield tag="913" ind1=" " ind2=" ">
    <subfield code="a">NULL</subfield>
  </datafield>
  <datafield tag="914" ind1=" " ind2=" ">
    <subfield code="a">06 de Agosto de 2012</subfield>
  </datafield>
  <datafield tag="915" ind1=" " ind2=" ">
    <subfield code="a">08/07/15 02:07</subfield>
  </datafield>
  <datafield tag="916" ind1=" " ind2=" ">
    <subfield code="a">NULL</subfield>
  </datafield>
  <datafield tag="917" ind1=" " ind2=" ">
    <subfield code="a">NULL</subfield>
  </datafield>
  <datafield tag="918" ind1=" " ind2=" ">
    <subfield code="a">NO APLICA</subfield>
  </datafield>
  <datafield tag="919" ind1=" " ind2=" ">
    <subfield code="a">["5","7","18","86","193"]</subfield>
  </datafield>
  <datafield tag="520" ind1=" " ind2=" ">
    <subfield code="a">El prop&#xF3;sito principal de este estudio consisti&#xF3; en evaluar el Programa de Atenci&#xF3;n en Estudiantes de Sobreedad en el Segundo Ciclo Nivel B&#xE1;sico del Distrito Educativo 15-04 en el periodo escolar 2008-2010. &#xA0; &#xA0; &#xA0; &#xA0; &#xA0; &#xA0; &#xA0; &#xA0;&#xA0; Este estudio es de tipo descriptivo, para valorar los objetivos de la investigaci&#xF3;n se realizaron observaciones, entrevistas y cuestionarios, la poblaci&#xF3;n de este estudio estuvo compuesta por 4,837 estudiantes de Sobreedad reportados en &#xA0;los 11 centros que conforman el Distrito Educativo 15-04 la muestra fue de 55 profesores, 10 t&#xE9;cnicos distritales, 30 padres y 40 &#xA0;estudiantes de Sobreedad. El estudio concluy&#xF3; que la ejecuci&#xF3;n de la acci&#xF3;n de aceleraci&#xF3;n para estudiantes en situaci&#xF3;n de sobreedad tuvo alto nivel de impacto. Su promoci&#xF3;n, organizaci&#xF3;n y ejecuci&#xF3;n produjo gran conmoci&#xF3;n en toda la comunidad educativa, convirti&#xE9;ndose en un gran acontecimiento educativo, en el que todos/as los actores y actrices se involucraron y asumieron con motivaci&#xF3;n, entusiasmo, alegr&#xED;a y una activa participaci&#xF3;n. A consecuencia de la gran motivaci&#xF3;n que ha provocado la ejecutoria de la acci&#xF3;n para enfrentar la situaci&#xF3;n de sobreedad que afecta a un elevado n&#xFA;mero de estudiantes en este Distrito, la responsabilidad y entrega demostrada por directores/as, docentes y orientadores en los centros educativos, el alto nivel de compromiso desde la instancia distrital y el entusiasmo; alegr&#xED;a y participaci&#xF3;n de los padres, madres y estudiantes, se puede deducir que es posible la reducci&#xF3;n del &#xED;ndice de Sobreedad en el Nivel B&#xE1;sico de un 18%, en el a&#xF1;o escolar 2008-2009 a alrededor de un 12% para el a&#xF1;o escolar 2009-2010; adem&#xE1;s &#xA0;de la reducci&#xF3;n de los niveles &#xA0;de repitencia y deserci&#xF3;n escolar. Ejecutando con efectividad el plan de acompa&#xF1;amiento y seguimiento concebido de manera conjunta por los Centros Educativos y el Distrito. Se concluye adem&#xE1;s que fue acertada la iniciativa distrital de promover, a trav&#xE9;s de redes de centros el Programa de Acci&#xF3;n de Sobreedad y llevado a 10 centros (PACE) al total de 32. Esta iniciativa permiti&#xF3; la organizaci&#xF3;n y ejecuci&#xF3;n de la acci&#xF3;n de verano con la participaci&#xF3;n de estudiantes en Sobreedad de 31 centros educativos del Nivel B&#xE1;sico en &#xA0;el primer ciclo y segundo ciclo.&#xA0;</subfield>
  </datafield>
  <datafield tag="921" ind1=" " ind2=" ">
    <subfield code="a">16</subfield>
  </datafield>
  <datafield tag="922" ind1=" " ind2=" ">
    <subfield code="a">16</subfield>
  </datafield>
  <datafield tag="923" ind1=" " ind2=" ">
    <subfield code="a">0</subfield>
  </datafield>
  <datafield tag="924" ind1=" " ind2=" ">
    <subfield code="a">NO APLICA</subfield>
  </datafield>
  <datafield tag="942" ind1=" " ind2=" ">
    <subfield code="c">Tesis</subfield>
  </datafield>
  <datafield tag="999" ind1=" " ind2=" ">
    <subfield code="c">654</subfield>
    <subfield code="d">654</subfield>
  </datafield>
</record>
